[Event "20th EUR-ch"]
[Site "Skopje MKD"]
[Date "2019.03.19"]
[Round "2"]
[White "Postny, Evgeny"]
[Black "Studer, Noel"]
[Result "1/2-1/2"]
[WhiteElo "2619"]
[BlackElo "2479"]
[EventDate "2019.03.18"]
[Board "28"]
[PlyCount "174"]

1.d4 d5 2.c4 dxc4 3.Nf3 Nf6 4.e3 e6 5.Bxc4 a6 6.O-O c5 7.b3 b5 8.Be2 Bb7 
9.Bb2 Nbd7 10.a4 b4 11.Nbd2 Be7 12.Rc1 Rc8 13.Nc4 O-O 14.Nfe5 cxd4 15.Bxd4
Nxe5 16.Bxe5 Nd7 17.Bd4 a5 18.Qd3 Bc5 19.Rfd1 Qg5 20.Bf1 Ba6 21.Bb2 Nb6 
22.Qe4 Bxc4 23.Bxc4 Nxc4 24.Qxc4 h6 25.h4 Qf5 26.Qa6 Rcd8 27.Qe2 Bb6 28.h5
Rxd1+ 29.Rxd1 Rc8 30.Rc1 Rxc1+ 31.Bxc1 Qd5 32.Qc2 Qxh5 33.Qc6 Qd1+ 34.Kh2 
Qh5+ 35.Kg1 Bc5 36.Qa8+ Bf8 37.Qd8 Qf5 38.Qd1 Qb1 39.Kf1 g6 40.Ke2 Bg7 41.
f3 Qa2+ 42.Kf1 Bc3 43.e4 Kg7 44.Be3 e5 45.Kg1 Qb2 46.Kh2 Bd4 47.Bd2 h5 48.
Kh3 f6 49.Bc1 Qc3 50.Bd2 Qb2 51.Bc1 Qa1 52.Kh2 g5 53.Kh3 Qb1 54.Kh2 Kf7 
55.Qf1 Qxb3 56.Qb5 Qe6 57.Qxa5 Qc6 58.Qd8 Qxa4 59.Qc7+ Kg6 60.Qc4 Kg7 61.
Qc7+ Kg6 62.Qc4 Qa7 63.Qxb4 Bg1+ 64.Kh1 Bc5 65.Qc4 Kg7 66.Kh2 Bg1+ 67.Kh1 
Bb6 68.Kh2 Qd7 69.Qb4 Bf2 70.Ba3 h4 71.Qf8+ Kh7 72.Qe7+ Qxe7 73.Bxe7 Kg6 
74.Kh3 f5 75.exf5+ Kxf5 76.Bb4 Bg3 77.Bd2 Bf4 78.Be1 Be3 79.g3 hxg3 80.
Kxg3 Bf4+ 81.Kg2 Ke6 82.Kh3 Kd5 83.Kg4 Kd4 84.Ba5 Kd3 85.Bc7 e4 86.fxe4 
Bxc7 87.Kxg5 Kxe4 1/2-1/2

[Event "20th EUR-ch"]
[Site "Skopje MKD"]
[Date "2019.03.19"]
[Round "2"]
[White "Zajic, Milan"]
[Black "Martirosian, Haik"]
[Result "1-0"]
[WhiteElo "2485"]
[BlackElo "2616"]
[EventDate "2019.03.18"]
[Board "29"]
[PlyCount "97"]

1.d4 e6 2.Nf3 Nf6 3.Bf4 d5 4.e3 c5 5.c3 Bd6 6.Bg3 Qc7 7.Nbd2 Nbd7 8.Bd3 e5
9.dxe5 Nxe5 10.Nxe5 Bxe5 11.Bb5+ Bd7 12.Bxd7+ Nxd7 13.Bxe5 Qxe5 14.Qa4 Qe6
15.O-O O-O 16.Nf3 Nf6 17.Rad1 h6 18.Rd2 Rfe8 19.Rfd1 Qb6 20.Qc2 Qc6 21.h3 
b5 22.Rd3 a5 23.Nh2 h5 24.Nf3 a4 25.R3d2 g6 26.b3 axb3 27.axb3 Ra6 28.Qb2 
Qa8 29.Ng5 Re5 30.Nf3 Re8 31.Ng5 c4 32.Qb1 Ra3 33.Rb2 d4 34.bxc4 dxc3 35.
Rxb5 Qa4 36.Rc1 Qxc4 37.Rb7 Qc6 38.Nxf7 Nd7 39.Rxd7 Qxd7 40.Qxg6+ Kf8 41.
Ng5 Re7 42.Rb1 Rb3 43.Qf6+ Rf7 44.Qh8+ Ke7 45.Qe5+ Kf8 46.Rxb3 Qd1+ 47.Kh2
Qxb3 48.Ne6+ Kg8 49.Qg5+ 1-0

[Event "20th EUR-ch"]
[Site "Skopje MKD"]
[Date "2019.03.19"]
[Round "2"]
[White "Radovanovic, Mihajlo"]
[Black "Vocaturo, Daniele"]
[Result "0-1"]
[WhiteElo "2483"]
[BlackElo "2616"]
[EventDate "2019.03.18"]
[Board "30"]
[PlyCount "82"]

1.d4 Nf6 2.Nf3 d5 3.c4 e6 4.Nc3 c6 5.e3 Nbd7 6.Qc2 b6 7.Bd3 Bb7 8.O-O Be7 
9.b3 dxc4 10.bxc4 c5 11.d5 exd5 12.cxd5 Nxd5 13.Nxd5 Bxd5 14.Rd1 Be6 15.
Bb2 Bf6 16.Be4 Rc8 17.Ne5 Qc7 18.Nxd7 Bxd7 19.Bxf6 gxf6 20.f4 h6 21.Bf5 
Bxf5 22.Qxf5 Qc6 23.e4 Qe6 24.Qh5 Rd8 25.e5 fxe5 26.fxe5 O-O 27.Rf1 Qg6 
28.Qh3 Rd3 29.g3 Qg5 30.Rae1 Re3 31.Rxe3 Qxe3+ 32.Kh1 Qe4+ 33.Kg1 Kg7 34.
Qh5 Qe3+ 35.Kh1 Qg5 36.Qe2 Re8 37.Qf3 Qg6 38.Qd5 Qe6 39.Qf3 Rd8 40.Kg1 Rd5
41.Qh5 Rxe5 0-1

[Event "20th EUR-ch"]
[Site "Skopje MKD"]
[Date "2019.03.19"]
[Round "2"]
[White "Diermair, Andreas"]
[Black "Chigaev, Maxim"]
[Result "0-1"]
[WhiteElo "2478"]
[BlackElo "2613"]
[EventDate "2019.03.18"]
[Board "31"]
[PlyCount "74"]

1.d4 Nf6 2.c4 g6 3.Nc3 Bg7 4.e4 d6 5.h3 O-O 6.Be3 Na6 7.g4 c6 8.Bg2 e5 9.
d5 cxd5 10.cxd5 b5 11.Nge2 b4 12.Na4 Bd7 13.a3 Qa5 14.axb4 Qxb4+ 15.Bd2 
Qb7 16.O-O Rfc8 17.b3 Rab8 18.Be3 Bb5 19.Qd2 Bxa4 20.Rxa4 Nc5 21.Bxc5 Rxc5
22.Rc1 Nd7 23.b4 Rxc1+ 24.Qxc1 Rc8 25.Qa1 Rc7 26.Ra3 Qxb4 27.Rxa7 Rxa7 28.
Qxa7 Nc5 29.Qa8+ Bf8 30.Ng3 Qe1+ 31.Bf1 Nd3 32.Qa2 Nf4 33.Kh2 Be7 34.Bg2 
Bh4 35.Bf3 Kg7 36.Qc2 Bd8 37.Qb2 Ba5 0-1

[Event "20th EUR-ch"]
[Site "Skopje MKD"]
[Date "2019.03.19"]
[Round "2"]
[White "Jurcik, Marian"]
[Black "Erdos, Viktor"]
[Result "1/2-1/2"]
[WhiteElo "2474"]
[BlackElo "2612"]
[EventDate "2019.03.18"]
[Board "32"]
[PlyCount "34"]

1.e4 c5 2.Nf3 Nc6 3.Nc3 a6 4.d4 cxd4 5.Nxd4 e6 6.Nxc6 bxc6 7.Bd3 d5 8.O-O 
Nf6 9.Qe2 Be7 10.Bd2 O-O 11.Rae1 Re8 12.e5 Nd7 13.Na4 a5 14.b3 Nb6 15.Nxb6
Qxb6 16.Qg4 Ba6 17.c4 dxc4 1/2-1/2

[Event "20th EUR-ch"]
[Site "Skopje MKD"]
[Date "2019.03.19"]
[Round "2"]
[White "Romanov, Evgeny"]
[Black "Livaic, Leon"]
[Result "1/2-1/2"]
[WhiteElo "2612"]
[BlackElo "2477"]
[EventDate "2019.03.18"]
[Board "33"]
[PlyCount "49"]

1.c4 Nf6 2.Nf3 g6 3.g3 Bg7 4.Bg2 O-O 5.O-O d6 6.d4 Nc6 7.Nc3 Bg4 8.Be3 Qc8
9.d5 Nb8 10.c5 Bh3 11.Rc1 Bxg2 12.Kxg2 dxc5 13.Bxc5 Re8 14.e4 e6 15.Bd4 
exd5 16.Nxd5 Nxd5 17.exd5 Nd7 18.Bxg7 Kxg7 19.Qd4+ Nf6 20.Rc5 Qd8 21.Rfc1 
Re7 22.Ne5 Kg8 23.Rd1 Nd7 24.Ng4 h5 25.Nf6+ 1/2-1/2

[Event "20th EUR-ch"]
[Site "Skopje MKD"]
[Date "2019.03.19"]
[Round "2"]
[White "Gumularz, Szymon"]
[Black "Lupulescu, Constantin"]
[Result "1/2-1/2"]
[WhiteElo "2473"]
[BlackElo "2611"]
[EventDate "2019.03.18"]
[Board "34"]
[PlyCount "68"]

1.d4 d5 2.c4 e6 3.Nc3 Bb4 4.e3 Nf6 5.a3 Bxc3+ 6.bxc3 c6 7.Bd3 O-O 8.Ne2 b6
9.O-O Ba6 10.Ng3 Nbd7 11.cxd5 Bxd3 12.Qxd3 cxd5 13.f3 Qc7 14.e4 Rac8 15.e5
Ne8 16.Bd2 f6 17.f4 f5 18.Kh1 Qc4 19.Qf3 b5 20.Rg1 g6 21.Ne2 Nb6 22.Be1 
Qb3 23.Bh4 Qc2 24.g4 Na4 25.gxf5 Qxf5 26.Be7 Rf7 27.Bb4 Ng7 28.Raf1 Qh5 
29.Qd3 a6 30.f5 Rxf5 31.Ng3 Qh3 32.Nxf5 Qxd3 33.Nh6+ Kh8 34.Nf7+ Kg8 
1/2-1/2

[Event "20th EUR-ch"]
[Site "Skopje MKD"]
[Date "2019.03.19"]
[Round "2"]
[White "Pavlov, Sergey"]
[Black "Predke, Alexander"]
[Result "1/2-1/2"]
[WhiteElo "2471"]
[BlackElo "2611"]
[EventDate "2019.03.18"]
[Board "35"]
[PlyCount "55"]

1.c4 e5 2.Nc3 Nf6 3.Nf3 Nc6 4.e3 Bb4 5.Qc2 Bxc3 6.Qxc3 Qe7 7.d4 Ne4 8.Qd3 
exd4 9.Nxd4 Nc5 10.Qd1 Nxd4 11.Qxd4 O-O 12.b3 b6 13.Bb2 Ne6 14.Qc3 Bb7 15.
h4 f5 16.O-O-O a5 17.f3 Bc6 18.Bd3 Rae8 19.Bc2 Nc5 20.Rde1 d6 21.h5 h6 22.
Rh3 Rf7 23.Rg3 Qe5 24.Qxe5 dxe5 25.Rd1 Bd7 26.f4 exf4 27.exf4 Bc6 28.Bd4 
1/2-1/2

[Event "20th EUR-ch"]
[Site "Skopje MKD"]
[Date "2019.03.19"]
[Round "2"]
[White "Bindrich, Falko"]
[Black "Lodici, Lorenzo"]
[Result "1/2-1/2"]
[WhiteElo "2610"]
[BlackElo "2474"]
[EventDate "2019.03.18"]
[Board "36"]
[PlyCount "56"]

1.d4 Nf6 2.c4 e6 3.g3 Bb4+ 4.Bd2 Be7 5.Bg2 d5 6.Nf3 c6 7.Qc2 Nbd7 8.O-O b6
9.b3 O-O 10.Bc3 Bb7 11.Nbd2 c5 12.Ne5 cxd4 13.Bxd4 Nxe5 14.Bxe5 Qc8 15.
Rad1 Rd8 16.Qb1 dxc4 17.Bxb7 Qxb7 18.Nxc4 Rxd1 19.Rxd1 Rd8 20.Bxf6 Rxd1+ 
21.Qxd1 Bxf6 22.Qd3 g6 23.a4 Qc6 24.Nd6 Be5 25.Nc4 Bf6 26.Nd2 Kg7 27.h3 
Qc3 28.Qxc3 Bxc3 1/2-1/2

[Event "20th EUR-ch"]
[Site "Skopje MKD"]
[Date "2019.03.19"]
[Round "2"]
[White "Svane, Rasmus"]
[Black "Firat, Burak"]
[Result "1-0"]
[WhiteElo "2610"]
[BlackElo "2468"]
[EventDate "2019.03.18"]
[Board "37"]
[PlyCount "103"]

1.Nf3 d5 2.d4 Nf6 3.c4 e6 4.g3 dxc4 5.Bg2 c5 6.O-O Nc6 7.Qa4 Bd7 8.Qxc4 b5
9.Qc3 b4 10.Qd3 Rc8 11.dxc5 Bxc5 12.Be3 Bxe3 13.Qxe3 Ng4 14.Qc5 Qa5 15.Rc1
Qxc5 16.Rxc5 Ke7 17.Nbd2 Rhd8 18.Rac1 Nb8 19.Nd4 Rxc5 20.Rxc5 Rc8 21.Rxc8 
Bxc8 22.N2b3 Ne5 23.Na5 Kd6 24.f4 Ng4 25.Nc2 Kc5 26.e4 Kb5 27.Nb3 a5 28.e5
a4 29.Bf1+ Kb6 30.Nd2 Nc6 31.Bg2 Bd7 32.h3 Nh6 33.g4 f6 34.exf6 gxf6 35.
Kf2 Nf7 36.Ne4 f5 37.Nf6 Bc8 38.Nxh7 e5 39.g5 b3 40.axb3 axb3 41.Ne3 exf4 
42.Nd5+ Kc5 43.Nxf4 Nce5 44.g6 Nh6 45.Nf6 Ba6 46.Kg3 Kd4 47.Kh4 Ke3 48.Kh5
Kxf4 49.Kxh6 Nxg6 50.Kxg6 Bc8 51.Bd5 Ke5 52.h4 1-0

[Event "20th EUR-ch"]
[Site "Skopje MKD"]
[Date "2019.03.19"]
[Round "2"]
[White "Schreiner, Peter"]
[Black "Deac, Bogdan-Daniel"]
[Result "1/2-1/2"]
[WhiteElo "2471"]
[BlackElo "2609"]
[EventDate "2019.03.18"]
[Board "38"]
[PlyCount "56"]

1.d4 Nf6 2.c4 e6 3.Nf3 d5 4.g3 dxc4 5.Bg2 Bd7 6.Ne5 Bc6 7.Nxc6 Nxc6 8.O-O 
Qd7 9.e3 Rd8 10.Nd2 b5 11.a3 e5 12.a4 a6 13.axb5 axb5 14.Nf3 Be7 15.b3 c3 
16.Qe2 exd4 17.Qxb5 O-O 18.exd4 Nxd4 19.Nxd4 Qxd4 20.Ra4 Qd3 21.Qc6 Bd6 
22.Rc4 Be5 23.Bf4 Bxf4 24.Rxf4 Qc2 25.Rf3 Nd5 26.Rxf7 Kxf7 27.Bxd5+ Rxd5 
28.Qxd5+ Kg6 1/2-1/2

[Event "20th EUR-ch"]
[Site "Skopje MKD"]
[Date "2019.03.19"]
[Round "2"]
[White "Gordievsky, Dmitry"]
[Black "Grinberg, Eyal"]
[Result "1-0"]
[WhiteElo "2603"]
[BlackElo "2467"]
[EventDate "2019.03.18"]
[Board "40"]
[PlyCount "111"]

1.Nf3 d5 2.d4 Nf6 3.c4 c6 4.Nc3 e6 5.g3 Nbd7 6.Bg2 Be7 7.O-O O-O 8.Qd3 b6 
9.e4 dxe4 10.Nxe4 Bb7 11.Nc3 Qc8 12.Re1 Rd8 13.Qe2 Re8 14.Bf4 Nf8 15.Ne5 
N6d7 16.Rad1 Nxe5 17.dxe5 Bb4 18.Bd2 Bxc3 19.Bxc3 c5 20.Rd2 Bxg2 21.Kxg2 
Rd8 22.Red1 Rxd2 23.Rxd2 Rb8 24.Qd3 Rb7 25.Qd8 Qc6+ 26.f3 Rd7 27.Rxd7 Qxd7
28.Qxd7 Nxd7 29.g4 Kf8 30.Kg3 Ke8 31.f4 Kf8 32.Kf3 Ke8 33.Ke4 Kf8 34.h3 
Ke8 35.Be1 Nb8 36.b4 Na6 37.a3 Kd7 38.f5 g6 39.Kf4 Ke7 40.Kg5 gxf5 41.gxf5
exf5 42.Kxf5 cxb4 43.axb4 b5 44.cxb5 Nc7 45.Bf2 Nxb5 46.Bc5+ Ke8 47.Kg5 a6
48.h4 Nc7 49.Kh6 f6 50.exf6 Kf7 51.Be7 Kg8 52.Kg5 Kf7 53.Kf5 Nd5 54.Ke4 
Ke6 55.Kd4 h5 56.f7 1-0

[Event "20th EUR-ch"]
[Site "Skopje MKD"]
[Date "2019.03.19"]
[Round "2"]
[White "Tutisani, Noe"]
[Black "Moussard, Jules"]
[Result "1/2-1/2"]
[WhiteElo "2467"]
[BlackElo "2601"]
[EventDate "2019.03.18"]
[Board "41"]
[PlyCount "149"]

1.e4 c5 2.Nf3 d6 3.d4 cxd4 4.Nxd4 Nf6 5.Nc3 a6 6.Bg5 e6 7.f4 Be7 8.Qf3 Qc7
9.O-O-O Nbd7 10.g4 b5 11.Bxf6 Nxf6 12.g5 Nd7 13.f5 O-O 14.Rg1 b4 15.Nce2 
e5 16.f6 exd4 17.fxe7 Re8 18.Nxd4 Ne5 19.Qf2 g6 20.h4 Bg4 21.Be2 Bxe2 22.
Nxe2 Nc4 23.Nf4 Nb6 24.Qd4 Rac8 25.Rg2 Rxe7 26.Qxb4 Rce8 27.Qxd6 Qxd6 28.
Rxd6 Nc4 29.Rd4 Rxe4 30.Re2 Rxd4 31.Rxe8+ Kg7 32.Ng2 Rg4 33.Re2 f5 34.
gxf6+ Kxf6 35.b3 Ne5 36.Kd1 h5 37.Rf2+ Ke6 38.Ke2 a5 39.Ke3 Kd6 40.Rd2+ 
Ke6 41.Kf2 a4 42.Rd1 Re4 43.Rd8 Ke7 44.Ra8 axb3 45.axb3 Rd4 46.Ke3 Rg4 47.
Kf2 Rd4 48.Ra5 Rd2+ 49.Kg3 Nc6 50.Rc5 Kd6 51.Rc4 Nd4 52.Ne1 Nf5+ 53.Kf3 
Rh2 54.Ng2 Rh3+ 55.Kf2 Ke5 56.Nf4 Rh2+ 57.Kg1 Rd2 58.Nxg6+ Kf6 59.Rc6+ Kg7
60.c3 Nd6 61.Nf4 Kf6 62.Kf1 Kf5 63.Ke1 Ne4 64.Nxh5 Rh2 65.Rc4 Rh1+ 66.Ke2 
Rxh4 67.Ng7+ Ke5 68.Rc7 Rh2+ 69.Kd3 Rh3+ 70.Kc2 Rh2+ 71.Kc1 Kf4 72.Rc4 Ke3
73.Nf5+ Kd3 74.Rd4+ Kxc3 75.Rc4+ 1/2-1/2

[Event "20th EUR-ch"]
[Site "Skopje MKD"]
[Date "2019.03.19"]
[Round "2"]
[White "Solak, Dragan"]
[Black "Gavrilescu, David"]
[Result "1/2-1/2"]
[WhiteElo "2601"]
[BlackElo "2467"]
[EventDate "2019.03.18"]
[Board "42"]
[PlyCount "79"]

1.d4 Nf6 2.Bf4 d5 3.e3 c5 4.c3 Nc6 5.Nd2 cxd4 6.exd4 Bf5 7.Qb3 Qc8 8.Ngf3 
e6 9.Nh4 Be4 10.Nxe4 dxe4 11.g3 Be7 12.Ng2 Nd5 13.Bb5 a6 14.Bxc6+ Qxc6 15.
O-O O-O 16.Rae1 b5 17.Qc2 f5 18.Qe2 Bf6 19.f3 exf3 20.Rxf3 Rfe8 21.Be5 
Bxe5 22.Qxe5 Nf6 23.Rff1 Rad8 24.a3 a5 25.Nf4 Ng4 26.Qc5 Qxc5 27.dxc5 e5 
28.Ng2 g6 29.b4 Rd3 30.h3 Nf6 31.g4 f4 32.g5 Nd5 33.Nxf4 Nxf4 34.Rxf4 Rxc3
35.Rfe4 Rxa3 36.Rxe5 Rxe5 37.Rxe5 axb4 38.c6 Rc3 39.Rxb5 Rxc6 40.Rxb4 
1/2-1/2

[Event "20th EUR-ch"]
[Site "Skopje MKD"]
[Date "2019.03.19"]
[Round "2"]
[White "Repka, Christopher"]
[Black "Bartel, Mateusz"]
[Result "0-1"]
[WhiteElo "2466"]
[BlackElo "2600"]
[EventDate "2019.03.18"]
[Board "43"]
[PlyCount "33"]

1.d4 d5 2.Nf3 c6 3.c4 e6 4.Nbd2 f5 5.Ne5 Nf6 6.e3 Nbd7 7.f4 Nxe5 8.fxe5 
Ng4 9.Qb3 a5 10.Be2 Qh4+ 11.g3 Qh3 12.Bf1 Qh6 13.Nf3 Bb4+ 14.Ke2 b6 15.Bg2
Ba6 16.h3 dxc4 17.Qxb4 0-1

[Event "20th EUR-ch"]
[Site "Skopje MKD"]
[Date "2019.03.19"]
[Round "2"]
[White "Petriashvili, Nikoloz"]
[Black "Antipov, Mikhail"]
[Result "1/2-1/2"]
[WhiteElo "2465"]
[BlackElo "2594"]
[EventDate "2019.03.18"]
[Board "44"]
[PlyCount "92"]

1.d4 Nf6 2.c4 c6 3.Nc3 d5 4.e3 a6 5.Nf3 Bf5 6.cxd5 cxd5 7.Ne5 Nc6 8.Bd2 h5
9.Rc1 Qd6 10.Nxc6 bxc6 11.Qa4 Bd7 12.Bd3 e6 13.Qa5 Qb4 14.Na4 Qxa5 15.Bxa5
Bd6 16.Nb6 Rb8 17.b4 Bxb4+ 18.Bxb4 Rxb6 19.Bc5 Rb8 20.O-O Kd8 21.Rb1 Kc7 
22.Bxa6 Ne4 23.Ba7 Rxb1 24.Rxb1 Ra8 25.Rb7+ Kd8 26.Rb8+ Rxb8 27.Bxb8 c5 
28.dxc5 Nxc5 29.Be2 g6 30.Bd6 Nb7 31.Bb4 Kc7 32.Kf1 Kb6 33.Ke1 Bb5 34.Bd1 
Nc5 35.Bc2 Nd3+ 36.Bxd3 Bxd3 37.Kd2 Bc4 38.a3 e5 39.Bd6 d4 40.Bxe5 dxe3+ 
41.Kxe3 Bb3 42.Kf4 Kb7 43.Kg5 Ka8 44.Bd4 Kb7 45.Kf6 Ka8 46.f3 Bc4 1/2-1/2

[Event "20th EUR-ch"]
[Site "Skopje MKD"]
[Date "2019.03.19"]
[Round "2"]
[White "Huschenbeth, Niclas"]
[Black "Costachi, Mihnea"]
[Result "1/2-1/2"]
[WhiteElo "2594"]
[BlackElo "2466"]
[EventDate "2019.03.18"]
[Board "45"]
[PlyCount "99"]

1.e4 e5 2.Nf3 Nf6 3.Nxe5 d6 4.Nf3 Nxe4 5.Nc3 Nxc3 6.dxc3 Be7 7.Be3 Nc6 8.
Qd2 Be6 9.O-O-O Bf6 10.Kb1 Qd7 11.Bg5 Bxg5 12.Nxg5 O-O 13.h4 h6 14.Nxe6 
Qxe6 15.Re1 Qf6 16.Qe3 Qe5 17.Qd2 Qf6 18.Bb5 Rfe8 19.g3 Qf5 20.Bd3 Qd7 21.
Be4 Re7 22.Bxc6 Qxc6 23.Rxe7 Qxh1+ 24.Re1 Qf3 25.b3 Kf8 26.Qd4 a6 27.Re4 
Qf5 28.Rf4 Qe6 29.Qd3 Kg8 30.Re4 Qd7 31.Qd5 Rb8 32.Kb2 Qb5 33.c4 Qxd5 34.
cxd5 Kf8 35.Rc4 Rc8 36.h5 Ke7 37.Kc3 g6 38.Re4+ Kf6 39.hxg6 fxg6 40.Kd3 
Kf7 41.Rb4 Rb8 42.a4 a5 43.Rf4+ Ke7 44.Re4+ Kf7 45.Kc4 c6 46.Kd4 Rc8 47.
Re2 h5 48.dxc6 bxc6 49.f4 Kf6 50.Ke4 1/2-1/2

[Event "20th EUR-ch"]
[Site "Skopje MKD"]
[Date "2019.03.19"]
[Round "2"]
[White "Yankelevich, Lev"]
[Black "Petrov, Nikita"]
[Result "1/2-1/2"]
[WhiteElo "2462"]
[BlackElo "2591"]
[EventDate "2019.03.18"]
[Board "47"]
[PlyCount "61"]

1.d4 Nf6 2.c4 e6 3.Nc3 d5 4.cxd5 exd5 5.Bg5 c6 6.e3 Bd6 7.Bd3 Nbd7 8.Qc2 
h6 9.Bh4 O-O 10.Bg3 Qe7 11.Bxd6 Qxd6 12.Nf3 Re8 13.O-O Qe7 14.Nd2 Nf8 15.
Rab1 Ne6 16.b4 Bd7 17.Nf3 Ng5 18.Ne5 Nge4 19.Na4 Nd6 20.Nc5 Bc8 21.f3 b6 
22.Nb3 Bb7 23.Rfe1 Rac8 24.Rbc1 Red8 25.a3 Nfe8 26.Qf2 Nb5 27.a4 Nbc7 28.
Qd2 Ne6 29.Bb1 Nf6 30.Bf5 Rc7 31.Rc2 1/2-1/2

[Event "20th EUR-ch"]
[Site "Skopje MKD"]
[Date "2019.03.19"]
[Round "2"]
[White "Ter-Sahakian, Samvel"]
[Black "Del Rio Angelis, Salvador Gabriel"]
[Result "1-0"]
[WhiteElo "2590"]
[BlackElo "2464"]
[EventDate "2019.03.18"]
[Board "48"]
[PlyCount "93"]

1.e4 e6 2.d4 d5 3.Nc3 Bb4 4.e5 c5 5.a3 Bxc3+ 6.bxc3 Ne7 7.Qg4 O-O 8.Bd3 f5
9.exf6 Rxf6 10.Bg5 Rf7 11.Qh5 g6 12.Qd1 Qa5 13.Bd2 Nd7 14.Nf3 c4 15.Be2 
Nc6 16.O-O Nf6 17.Re1 Ne4 18.Bf1 Bd7 19.Rxe4 dxe4 20.Ng5 Rf5 21.Nxe4 Qd5 
22.g4 Qxe4 23.Bg2 Qxg2+ 24.Kxg2 Rf7 25.Qe2 Rc8 26.Bg5 Ne7 27.Bxe7 Bc6+ 28.
Kg1 Rxe7 29.Qxc4 Rcc7 30.Re1 Bd5 31.Qd3 Rf7 32.Re3 a6 33.h4 Rf4 34.Rg3 b5 
35.f3 Rcf7 36.Kf2 Kg7 37.Qe3 Re4 38.Qd2 Ref4 39.Qe2 Re4 40.Qd1 Ref4 41.Ke3
Kf8 42.Qe2 Ke7 43.Rh3 Kd7 44.Qh2 Rxf3+ 45.Rxf3 Rxf3+ 46.Kd2 Kc6 47.Qb8 1-0

[Event "20th EUR-ch"]
[Site "Skopje MKD"]
[Date "2019.03.19"]
[Round "2"]
[White "Kalezic, Blazo"]
[Black "Can, Emre"]
[Result "1/2-1/2"]
[WhiteElo "2460"]
[BlackElo "2586"]
[EventDate "2019.03.18"]
[Board "49"]
[PlyCount "21"]

1.e4 c5 2.c3 Nf6 3.e5 Nd5 4.d4 cxd4 5.Nf3 d6 6.exd6 Qxd6 7.Nxd4 Nc6 8.Na3 
Qe5+ 9.Be2 Nf4 10.Bxf4 Qxf4 11.O-O 1/2-1/2

[Event "20th EUR-ch"]
[Site "Skopje MKD"]
[Date "2019.03.19"]
[Round "2"]
[White "Azarov, Sergei"]
[Black "Arnaudov, Petar Georgiev"]
[Result "1-0"]
[WhiteElo "2585"]
[BlackElo "2462"]
[EventDate "2019.03.18"]
[Board "50"]
[PlyCount "85"]

1.e4 c6 2.d4 d5 3.e5 Bf5 4.Nf3 e6 5.Be2 c5 6.Be3 Qb6 7.Nc3 Nc6 8.Na4 Qa5+ 
9.c3 c4 10.O-O b5 11.Nc5 Bxc5 12.dxc5 Qd8 13.a4 a6 14.Nd4 Nxd4 15.Qxd4 Ne7
16.axb5 axb5 17.Bg5 Qc8 18.c6 Qxc6 19.b3 Ra6 20.Rxa6 Qxa6 21.Qc5 Nc6 22.
bxc4 bxc4 23.Qd6 h6 24.Be3 h5 25.Bc5 h4 26.h3 f6 27.Bh5+ Rxh5 28.Qf8+ Kd7 
29.Qf7+ Kc8 30.Qxh5 Nxe5 31.Qh8+ Kc7 32.Qxg7+ Nd7 33.Be3 Qa3 34.Rc1 Qf8 
35.Qxf8 Nxf8 36.Ra1 Nd7 37.f3 e5 38.Ra6 Bd3 39.Kf2 f5 40.f4 e4 41.Bd4 Nb8 
42.Be5+ Kb7 43.Ra5 1-0

[Event "20th EUR-ch"]
[Site "Skopje MKD"]
[Date "2019.03.19"]
[Round "2"]
[White "Blohberger, Felix"]
[Black "Nikolov, Momchil"]
[Result "1/2-1/2"]
[WhiteElo "2459"]
[BlackElo "2584"]
[EventDate "2019.03.18"]
[Board "51"]
[PlyCount "66"]

1.Nf3 Nf6 2.c4 c5 3.Nc3 d5 4.cxd5 Nxd5 5.e3 Nxc3 6.dxc3 Qc7 7.e4 Bg4 8.h3 
Bh5 9.Bb5+ Nc6 10.Qd5 Bxf3 11.gxf3 e6 12.Bf4 Qb6 13.Qb3 O-O-O 14.O-O g5 
15.Bg3 Bd6 16.Bxc6 Qxc6 17.Rad1 c4 18.Qc2 e5 19.Rd5 f6 20.Rfd1 Rd7 21.Qe2 
Rhd8 22.h4 h6 23.Qf1 Be7 24.Qh3 Kc7 25.Rxd7+ Rxd7 26.Rxd7+ Qxd7 27.Qg4 Bc5
28.Qh5 Qg7 29.Kh2 Kd8 30.Qg4 Qd7 31.Qh5 Qg7 32.Qg4 Qd7 33.Qh5 Qg7 1/2-1/2

[Event "20th EUR-ch"]
[Site "Skopje MKD"]
[Date "2019.03.19"]
[Round "2"]
[White "Huzman, Alexander"]
[Black "Caspi, Israel"]
[Result "1/2-1/2"]
[WhiteElo "2582"]
[BlackElo "2461"]
[EventDate "2019.03.18"]
[Board "52"]
[PlyCount "200"]

1.d4 Nf6 2.Nf3 d5 3.e3 e6 4.Nbd2 b6 5.c4 Bb7 6.b3 Nbd7 7.Bb2 c5 8.cxd5 
Bxd5 9.Bc4 Be7 10.dxc5 Bxc4 11.Nxc4 Nxc5 12.Qxd8+ Rxd8 13.Ke2 Nd5 14.Bxg7 
Rg8 15.Bd4 Rxg2 16.Rhg1 Rxg1 17.Rxg1 Bf6 18.Nfe5 Kf8 19.Kf3 h5 20.Ba1 Nd7 
21.e4 Nxe5+ 22.Nxe5 Ne7 23.Nc6 Nxc6 24.Bxf6 Rd3+ 25.Ke2 Rd6 26.f4 Nd4+ 27.
Kf2 Nc2 28.Rg5 Rd2+ 29.Kg3 h4+ 30.Kh3 Re2 31.Rh5 Ke8 32.Rh8+ Kd7 33.Rd8+ 
Kc7 34.Rf8 Kc6 35.Rxf7 Rxe4 36.Be5 Nb4 37.Rxa7 Re2 38.Rc7+ Kb5 39.a4+ Ka6 
40.Rc4 Nd3 41.Kxh4 Rxh2+ 42.Kg5 Nc5 43.Kf6 Rh6+ 44.Kf7 Rh3 45.b4 Nxa4 46.
Rc6 Rb3 47.Rxe6 Rxb4 48.Bd6 Rb5 49.Kg6 Nc3 50.f5 Nd5 51.f6 Nxf6 52.Kxf6 
Rh5 53.Re1 Kb5 54.Ke6 Kc4 55.Kd7 b5 56.Kc6 Rf5 57.Re4+ Kd3 58.Rh4 Kc3 59.
Bc5 Kd3 60.Kxb5 Rd5 61.Rh3+ Ke4 62.Kc4 Rd1 63.Re3+ Kf4 64.Re8 Rd7 65.Bd4 
Kf5 66.Kd3 Rh7 67.Re5+ Kf4 68.Re6 Rh3+ 69.Kc4 Rh5 70.Be3+ Kf3 71.Kd4 Rf5 
72.Kd3 Rf7 73.Bd4 Kf4 74.Re5 Kf3 75.Re2 Rf5 76.Be5 Kg4 77.Ke4 Rg5 78.Rf2 
Rg6 79.Bf6 Kg3 80.Ke3 Kg4 81.Rf4+ Kg3 82.Be5 Rg5 83.Bd6 Kg2 84.Rf2+ Kh3 
85.Bf4 Rg2 86.Rf1 Kg4 87.Ke4 Re2+ 88.Be3 Rg2 89.Rf8 Kg3 90.Rf4 Ra2 91.Rf6 
Rg2 92.Rf8 Kg4 93.Bf2 Kh3 94.Kf3 Rg3+ 95.Ke2 Rg6 96.Rf4 Rg4 97.Rf3+ Kh2 
98.Be3 Rg6 99.Rf1 Rg4 100.Bf4+ Rg3 1/2-1/2

[Event "20th EUR-ch"]
[Site "Skopje MKD"]
[Date "2019.03.19"]
[Round "2"]
[White "Yuffa, Daniil"]
[Black "Flom, Gabriel"]
[Result "1/2-1/2"]
[WhiteElo "2582"]
[BlackElo "2457"]
[EventDate "2019.03.18"]
[Board "53"]
[PlyCount "97"]

1.d4 Nf6 2.c4 c5 3.d5 e6 4.Nc3 exd5 5.cxd5 d6 6.Nf3 g6 7.e4 Bg7 8.Bg5 h6 
9.Bh4 a6 10.Nd2 b5 11.Be2 O-O 12.Qc2 Re8 13.O-O Bb7 14.Rfe1 Qb6 15.a4 c4 
16.b3 Nbd7 17.axb5 axb5 18.Rxa8 Bxa8 19.bxc4 b4 20.Nb5 Nc5 21.Bf1 Nh5 22.
Qb1 g5 23.Bg3 Nxg3 24.hxg3 Be5 25.Nf3 b3 26.Nxe5 dxe5 27.Qc1 Bb7 28.Qe3 
Qa5 29.Rb1 Qa2 30.Bd3 Rc8 31.Nd6 Rc7 32.Kh2 Ba6 33.f4 Nxd3 34.Qxd3 Bxc4 
35.Nxc4 Rxc4 36.fxe5 Rc2 37.Rg1 Rd2 38.Qb5 b2 39.Rf1 Rxg2+ 40.Kh3 Rh2+ 41.
Kg4 Qa3 42.e6 h5+ 43.Kf5 Qa7 44.Kf6 Rf2+ 45.Rxf2 Qxf2+ 46.Ke7 Kg7 47.d6 
fxe6 48.Kd7 Qf6 49.Kc7 1/2-1/2

[Event "20th EUR-ch"]
[Site "Skopje MKD"]
[Date "2019.03.19"]
[Round "2"]
[White "Janik, Igor"]
[Black "Wagner, Dennis"]
[Result "1-0"]
[WhiteElo "2454"]
[BlackElo "2580"]
[EventDate "2019.03.18"]
[Board "54"]
[PlyCount "115"]

1.d4 Nf6 2.c4 g6 3.Nf3 Bg7 4.g3 O-O 5.Bg2 Nc6 6.O-O d6 7.Nc3 e5 8.dxe5 
dxe5 9.Bg5 Be6 10.Qc1 Qc8 11.Rd1 a5 12.Nd5 Nd7 13.Bh6 f6 14.Bxg7 Kxg7 15.
Qc3 Nd8 16.c5 Ra6 17.e4 Qb8 18.Rac1 Nc6 19.Rd2 Rf7 20.Bf1 Ra8 21.h3 Nf8 
22.Rcd1 Qa7 23.g4 h6 24.Bb5 Re8 25.a3 Nh7 26.Nxf6 Rxf6 27.Bxc6 bxc6 28.
Nxe5 Kg8 29.Rd8 Ref8 30.Rxf8+ Kxf8 31.Rd8+ Kg7 32.Nd7 Qa6 33.Nxf6 Nxf6 34.
e5 Nh7 35.Qf3 Bd5 36.Rd7+ Kg8 37.Rd8+ Kg7 38.Rd7+ Kg8 39.Rxd5 cxd5 40.
Qxd5+ Kg7 41.Qd7+ Kg8 42.e6 Qe2 43.Qf7+ Kh8 44.Qe8+ Kg7 45.Qe7+ Kh8 46.
Qd8+ Kg7 47.Qxc7+ Kg8 48.Qf7+ Kh8 49.Qxg6 Qd1+ 50.Kh2 Qd8 51.Qxh6 Qc7+ 52.
Kg2 Qxc5 53.Qe3 Qc6+ 54.Kg3 Kg8 55.Qe5 a4 56.e7 Kf7 57.Qh5+ Kxe7 58.Qxh7+ 
1-0

[Event "20th EUR-ch"]
[Site "Skopje MKD"]
[Date "2019.03.19"]
[Round "2"]
[White "Hracek, Zbynek"]
[Black "Zwardon, Vojtech"]
[Result "1/2-1/2"]
[WhiteElo "2578"]
[BlackElo "2452"]
[EventDate "2019.03.18"]
[Board "55"]
[PlyCount "39"]

1.e4 c5 2.Nf3 Nc6 3.d4 cxd4 4.Nxd4 g6 5.c4 Bg7 6.Be3 Nf6 7.Nc3 Ng4 8.Qxg4 
Nxd4 9.Qd1 Ne6 10.Rc1 Qa5 11.Be2 b6 12.O-O Bb7 13.f3 g5 14.Rf2 Qe5 15.Bf1 
f5 16.Nd5 f4 17.Bd2 Qd6 18.Bb4 Nc5 19.Qd2 a5 20.Ba3 1/2-1/2

[Event "20th EUR-ch"]
[Site "Skopje MKD"]
[Date "2019.03.19"]
[Round "2"]
[White "Macovei, Andrei"]
[Black "Maze, Sebastien"]
[Result "0-1"]
[WhiteElo "2450"]
[BlackElo "2578"]
[EventDate "2019.03.18"]
[Board "56"]
[PlyCount "72"]

1.e4 c5 2.Nf3 d6 3.d4 cxd4 4.Nxd4 Nf6 5.Nc3 Nc6 6.Bg5 e6 7.Qd2 a6 8.O-O-O 
Bd7 9.f3 Be7 10.Be3 h5 11.Kb1 b5 12.Nxc6 Bxc6 13.Ne2 Bb7 14.Nd4 Nd7 15.Bd3
Ne5 16.g3 g6 17.h4 Rc8 18.Rh2 Nxd3 19.Qxd3 Qc7 20.Bg5 e5 21.Nb3 Bxg5 22.
hxg5 Ke7 23.Qd2 Rhd8 24.Qb4 Qc4 25.Qa3 Qa4 26.Qxa4 bxa4 27.Nc1 d5 28.exd5 
Bxd5 29.Re1 Bxf3 30.Rxe5+ Kf8 31.Nd3 Bg4 32.Rd2 Re8 33.Kc1 Bf5 34.Rxe8+ 
Rxe8 35.Nf4 Re3 36.Rd4 Rxg3 0-1